[Event "10th Vellmar Chess Days"]
[Site "chess24.com"]
[Date "2018.07.15"]
[Round "6.4"]
[White "Scharrer, Udo"]
[Black "Hahn, Markus"]
[Result "0-1"]
[WhiteElo "2054"]
[BlackElo "2263"]
[PlyCount "80"]
[EventDate "2018.??.??"]
[WhiteTeam "Deutschland"]
[BlackTeam "Deutschland"]
[WhiteTeamCountry "GER"]
[BlackTeamCountry "GER"]
[WhiteClock "0:08:46"]
[BlackClock "0:03:02"]

1. d4 e6 2. c4 f5 3. g3 Nf6 4. Bg2 c6 5. Nf3 d5 6. O-O Bd6 7. Nc3 O-O 8. Qc2
Qe7 9. b3 Nbd7 10. e3 Ne4 11. Bb2 a5 12. Ne2 g5 13. Ne5 g4 14. f3 gxf3 15. Nxf3
b5 16. c5 Bc7 17. a3 Ndf6 18. Nf4 Bd7 19. Rae1 a4 20. b4 Kf7 21. Nd3 Ke8 22.
Nfe5 Kd8 23. Bc1 Kc8 24. Bf3 Rg8 25. Re2 Kb7 26. Rg2 Be8 27. Qe2 Ng5 28. Kh1
Nxf3 29. Qxf3 Bh5 30. Qf2 Bg4 31. Nxg4 Rxg4 32. Qe2 h5 33. Rfg1 Rh8 34. Ne1 h4
35. gxh4 Rgxh4 36. Nf3 R4h7 37. Rd1 Ng4 38. h4 Rxh4+ 39. Nxh4 Qxh4+ 40. Kg1
Qh1# 0-1

[Event "10th Vellmar Chess Days"]
[Site "chess24.com"]
[Date "2018.07.15"]
[Round "6.5"]
[White "Brockhoff, Moritz"]
[Black "Kersten, Uwe"]
[Result "1/2-1/2"]
[WhiteElo "1927"]
[BlackElo "2237"]
[PlyCount "63"]
[EventDate "2018.??.??"]
[WhiteTeam "Deutschland"]
[BlackTeam "Deutschland"]
[WhiteTeamCountry "GER"]
[BlackTeamCountry "GER"]
[WhiteClock "0:17:06"]
[BlackClock "0:01:11"]

1. e4 c5 2. Nf3 d6 3. d3 Nc6 4. g3 g6 5. Bg2 Bg7 6. O-O Nf6 7. Nh4 O-O 8. f4
Rb8 9. Bf3 Bh3 10. Re1 Nd4 11. Bg2 Bxg2 12. Kxg2 Qa5 13. c3 Nc6 14. Be3 Qa6 15.
g4 b5 16. Qd2 Nxg4 17. Rg1 b4 18. Kh1 bxc3 19. bxc3 Nxe3 20. Qxe3 Nd4 21. Nf5
Nc2 22. Nxe7+ Kh8 23. Qh3 Nxa1 24. f5 Rxb1 25. Rxb1 Qxa2 26. Rg1 g5 27. Rxg5
Bf6 28. Rh5 Qb1+ 29. Kg2 Qc2+ 30. Kh1 Qd1+ 31. Kg2 Qe2+ 32. Kh1 1/2-1/2

[Event "10th Vellmar Chess Days"]
[Site "chess24.com"]
[Date "2018.07.15"]
[Round "6.6"]
[White "Hahn, Florian"]
[Black "Lesny, Florian"]
[Result "1/2-1/2"]
[WhiteElo "2189"]
[BlackElo "2066"]
[PlyCount "45"]
[EventDate "2018.??.??"]
[WhiteTeam "Deutschland"]
[BlackTeam "Deutschland"]
[WhiteTeamCountry "GER"]
[BlackTeamCountry "GER"]
[WhiteClock "0:35:45"]
[BlackClock "0:49:28"]

1. c4 c5 2. Nf3 Nc6 3. Nc3 g6 4. e3 Nf6 5. d4 cxd4 6. exd4 d5 7. cxd5 Nxd5 8.
Qb3 Nxc3 9. Bc4 e6 10. bxc3 a6 11. Be2 Bg7 12. Ba3 Bf8 13. Bc1 Bg7 14. Ba3 Bf8
15. Bxf8 Kxf8 16. O-O Kg7 17. Rfd1 Qc7 18. c4 Rd8 19. Rac1 b6 20. h3 Rb8 21.
Qc3 f6 22. Qe3 Qf7 23. Bf1 1/2-1/2

[Event "10th Vellmar Chess Days"]
[Site "chess24.com"]
[Date "2018.07.15"]
[Round "6.7"]
[White "Henrich, Thomas"]
[Black "Reitz, Philipp"]
[Result "1-0"]
[WhiteElo "2179"]
[BlackElo "1990"]
[PlyCount "63"]
[EventDate "2018.??.??"]
[WhiteTeam "Deutschland"]
[BlackTeam "Deutschland"]
[WhiteTeamCountry "GER"]
[BlackTeamCountry "GER"]
[WhiteClock "0:19:17"]
[BlackClock "0:36:29"]

1. d4 Nf6 2. c4 e6 3. Nf3 Bb4+ 4. Bd2 c5 5. Bxb4 cxb4 6. a3 bxa3 7. Rxa3 b6 8.
e3 O-O 9. Nbd2 Bb7 10. Be2 a5 11. O-O Na6 12. Qb1 d6 13. e4 e5 14. d5 Nb4 15.
Ne1 Nd7 16. Rg3 Qe7 17. Bg4 Nc5 18. Qd1 Bc8 19. Bxc8 Raxc8 20. Qh5 f5 21. exf5
Qf6 22. Rg5 e4 23. Qg4 Rc7 24. Rh5 Qxb2 25. Nxe4 Qd4 26. Rxh7 Nxe4 27. Qh5 g6
28. Qxg6+ Rg7 29. Rxg7+ Qxg7 30. Qe6+ Qf7 31. Qxe4 Qxf5 32. Qe3 1-0

[Event "10th Vellmar Chess Days"]
[Site "chess24.com"]
[Date "2018.07.15"]
[Round "6.8"]
[White "Ruhl, Moritz"]
[Black "Euler, Gerd"]
[Result "0-1"]
[WhiteElo "1783"]
[BlackElo "2307"]
[PlyCount "64"]
[EventDate "2018.??.??"]
[WhiteTeam "Deutschland"]
[BlackTeam "Deutschland"]
[WhiteTeamCountry "GER"]
[BlackTeamCountry "GER"]
[WhiteClock "0:14:02"]
[BlackClock "1:18:34"]

1. d4 f5 2. c4 Nf6 3. Nc3 g6 4. g3 Bg7 5. Bg2 O-O 6. Nf3 d6 7. O-O Qe8 8. b4 e5
9. dxe5 dxe5 10. Rb1 e4 11. Nd4 c6 12. Bf4 Nbd7 13. c5 Ne5 14. Qb3+ Kh8 15.
Rfd1 h6 16. Bxe5 Qxe5 17. e3 g5 18. Nde2 Be6 19. Qc2 Bc4 20. Nc1 Bf7 21. N3e2
Nd5 22. a4 Rae8 23. b5 f4 24. gxf4 gxf4 25. Rxd5 Bxd5 26. Nxf4 Rxf4 27. exf4
Qxf4 28. Ne2 Qg5 29. Ng3 Bd4 30. Rd1 e3 31. fxe3 Qxe3+ 32. Kh1 Qe1+ 0-1

[Event "10th Vellmar Chess Days"]
[Site "chess24.com"]
[Date "2018.07.15"]
[Round "6.9"]
[White "Weiss, Jochen"]
[Black "Eggenstein, Frank"]
[Result "1-0"]
[WhiteElo "2145"]
[BlackElo "1987"]
[PlyCount "67"]
[EventDate "2018.??.??"]
[WhiteTeam "Deutschland"]
[BlackTeam "Deutschland"]
[WhiteTeamCountry "GER"]
[BlackTeamCountry "GER"]
[WhiteClock "1:30:30"]
[BlackClock "1:30:30"]

1. d4 Nf6 2. c4 g6 3. Nc3 Bg7 4. e4 d6 5. f3 O-O 6. Bg5 a6 7. Qd2 Nc6 8. Nge2
Rb8 9. Nc1 e5 10. d5 Nd4 11. Nb3 c5 12. dxc6 bxc6 13. Nxd4 exd4 14. Qxd4 h6 15.
Bxf6 Bxf6 16. Qd2 Qa5 17. Nd1 Qc5 18. Rb1 Rd8 19. b4 Qa7 20. Bd3 d5 21. exd5
Re8+ 22. Kf1 cxd5 23. c5 Bg5 24. Qf2 Qe7 25. g4 Bf4 26. Kg2 Qe5 27. h3 h5 28.
a3 Bb7 29. Rb2 d4 30. Re2 Be3 31. Qg3 Qe6 32. Nxe3 dxe3 33. Rhe1 h4 34. Qf4 1-0

[Event "10th Vellmar Chess Days"]
[Site "chess24.com"]
[Date "2018.07.15"]
[Round "6.10"]
[White "Pfitzenreuter, Gerald"]
[Black "Pauls, Wilhelm"]
[Result "1/2-1/2"]
[WhiteElo "2071"]
[BlackElo "1971"]
[PlyCount "38"]
[EventDate "2018.??.??"]
[WhiteTeam "Deutschland"]
[BlackTeam "Deutschland"]
[WhiteTeamCountry "GER"]
[BlackTeamCountry "GER"]
[WhiteClock "1:30:30"]
[BlackClock "1:30:30"]

1. d4 Nf6 2. c4 g6 3. Nc3 Bg7 4. e4 d6 5. f3 O-O 6. Be3 Nc6 7. Qd2 e5 8. Nge2
exd4 9. Nxd4 Re8 10. O-O-O Ne5 11. Be2 a6 12. Kb1 c6 13. Nb3 Be6 14. Qxd6 Qxd6
15. Rxd6 Bf8 16. Rd4 b5 17. Bg5 Be7 18. cxb5 axb5 19. Rc1 Kg7 1/2-1/2

[Event "10th Vellmar Chess Days"]
[Site "chess24.com"]
[Date "2018.07.15"]
[Round "6.11"]
[White "Brouer, Pieter"]
[Black "Tremoehlen, Thomas"]
[Result "1/2-1/2"]
[WhiteElo "2026"]
[BlackElo "1980"]
[PlyCount "133"]
[EventDate "2018.??.??"]
[WhiteTeam "Deutschland"]
[BlackTeam "Deutschland"]
[WhiteTeamCountry "GER"]
[BlackTeamCountry "GER"]
[WhiteClock "1:30:30"]
[BlackClock "1:30:30"]

1. g3 g6 2. Bg2 Bg7 3. f4 d5 4. Nf3 Nf6 5. O-O O-O 6. d3 c5 7. c3 Nc6 8. Na3
Re8 9. Nh4 h6 10. e4 dxe4 11. dxe4 e5 12. Qxd8 Rxd8 13. Be3 b6 14. Nb5 Ne8 15.
f5 g5 16. Nf3 a6 17. Na3 Nd6 18. Nd2 a5 19. Rfd1 Ba6 20. Bf1 Bxf1 21. Kxf1 Bf8
22. Nac4 Rab8 23. a4 f6 24. Nxd6 Bxd6 25. Nc4 Bc7 26. Ke2 Kf7 27. h4 Rxd1 28.
Rxd1 Rd8 29. hxg5 hxg5 30. Rxd8 Bxd8 31. Kd3 Ke7 32. Bd2 Kd7 33. Ne3 Ne7 34. b4
cxb4 35. cxb4 Nc6 36. Kc4 Nd4 37. bxa5 bxa5 38. Bc3 Ne2 39. g4 Kc6 40. Kd3 Nf4+
41. Kc4 Ne2 42. Bb2 Nf4 43. Ba3 Nh3 44. Nd1 Nf4 45. Nc3 Nh3 46. Nd1 Nf4 47. Nc3
Nh3 48. Bc5 Nf4 49. Nd5 Ng2 50. Bf8 Nf4 51. Be7 Bxe7 52. Nxe7+ Kd6 53. Ng8 Nh3
54. Nxf6 Nf2 55. Kb5 Ke7 56. Nd5+ Kd6 57. Kxa5 Nxe4 58. Ne3 Kc5 59. Ka6 Kc6 60.
a5 Nf6 61. Ka7 Kc7 62. a6 e4 63. Ka8 Kc8 64. Nc4 Kc7 65. Ne3 Kc8 66. Ka7 Kc7
67. Ka8 1/2-1/2

[Event "10th Vellmar Chess Days"]
[Site "chess24.com"]
[Date "2018.07.15"]
[Round "6.12"]
[White "Werner, Martin"]
[Black "Koenig, Friedrich Theodor"]
[Result "1/2-1/2"]
[WhiteElo "2018"]
[BlackElo "1833"]
[PlyCount "41"]
[EventDate "2018.??.??"]
[WhiteTeam "Deutschland"]
[BlackTeam "Deutschland"]
[WhiteTeamCountry "GER"]
[BlackTeamCountry "GER"]
[WhiteClock "1:30:30"]
[BlackClock "1:30:30"]

1. e4 c5 2. c3 d5 3. exd5 Qxd5 4. d4 Nf6 5. Nf3 Bg4 6. Be2 e6 7. O-O Nc6 8. Na3
cxd4 9. Nb5 Rc8 10. Nbxd4 Nxd4 11. Nxd4 Bxe2 12. Qxe2 Be7 13. Bf4 O-O 14. Rad1
a6 15. a3 Rfd8 16. Rfe1 Qc4 17. Qf3 Qd5 18. Qe2 Qc4 19. Qxc4 Rxc4 20. Be5 Nd5
21. Nf3 1/2-1/2

[Event "10th Vellmar Chess Days"]
[Site "chess24.com"]
[Date "2018.07.15"]
[Round "6.14"]
[White "Weber, Samuel"]
[Black "Haack, Kevin"]
[Result "1/2-1/2"]
[WhiteElo "2197"]
[BlackElo "1869"]
[PlyCount "157"]
[EventDate "2018.??.??"]
[WhiteTeam "Deutschland"]
[BlackTeam "Deutschland"]
[WhiteTeamCountry "GER"]
[BlackTeamCountry "GER"]
[WhiteClock "1:30:30"]
[BlackClock "1:30:30"]

1. Nf3 c5 2. e4 g6 3. g3 Nc6 4. Bg2 Bg7 5. O-O e5 6. c3 Nge7 7. d3 O-O 8. a3 d6
9. Nbd2 h6 10. b4 a6 11. Bb2 Be6 12. Nb3 b6 13. Nfd2 Qd7 14. Nc4 Rab8 15. Ne3
f5 16. d4 exd4 17. cxd4 cxb4 18. Rb1 d5 19. e5 Rfc8 20. axb4 Nxb4 21. Ba3 Nec6
22. Qd2 Bf8 23. Rfd1 a5 24. Bf1 Na7 25. Qe2 Nbc6 26. Bxf8 Kxf8 27. Ng2 Kg7 28.
Nf4 a4 29. Nc1 Na5 30. Qa6 N7c6 31. Bb5 Kf7 32. Ncd3 g5 33. Ne2 Qa7 34. Qxa7+
Nxa7 35. Bxa4 Nc4 36. Rdc1 Nc6 37. Nb4 N6a5 38. Nc3 Nd2 39. Nbxd5 Bxd5 40. Nxd5
Nxb1 41. Rxb1 Rd8 42. Rb5 Rb7 43. Bc2 Ke6 44. Ne3 Rxd4 45. Bxf5+ Kf7 46. Nd5
Nc6 47. e6+ Kf8 48. Nxb6 Rb4 49. Rxb4 Nxb4 50. Nc8 Nd5 51. Be4 Rb5 52. Nd6 Ra5
53. Nf5 Ne7 54. Nxh6 Re5 55. Bf3 Rxe6 56. Ng4 Kg7 57. Ne3 Ng6 58. Bd5 Ra6 59.
Kg2 Ra5 60. Be4 Ra4 61. Bxg6 Kxg6 62. Kf3 Ra3 63. h3 Ra4 64. g4 Rb4 65. Nf5
Rb3+ 66. Kg2 Rb4 67. Kg3 Ra4 68. f3 Rb4 69. h4 gxh4+ 70. Nxh4+ Kf6 71. Nf5 Rb7
72. Nd6 Rb3 73. Kf4 Ra3 74. Ne4+ Kg7 75. g5 Ra5 76. Kg4 Ra4 77. Kf4 Ra5 78. Ke3
Ra3+ 79. Kf4 1/2-1/2

[Event "10th Vellmar Chess Days"]
[Site "chess24.com"]
[Date "2018.07.15"]
[Round "6.15"]
[White "Retzlaff, Thomas"]
[Black "Hoffmann, Sebastian"]
[Result "1-0"]
[WhiteElo "1879"]
[BlackElo "2174"]
[PlyCount "121"]
[EventDate "2018.??.??"]
[WhiteTeam "Deutschland"]
[BlackTeam "Deutschland"]
[WhiteTeamCountry "GER"]
[BlackTeamCountry "GER"]
[WhiteClock "1:30:30"]
[BlackClock "1:30:30"]

1. d4 d5 2. Bf4 Nf6 3. e3 c5 4. c3 Nc6 5. Bd3 e6 6. Nf3 Bd6 7. Bg3 O-O 8. Nbd2
b6 9. Qe2 Bb7 10. e4 Be7 11. e5 Nd7 12. h4 f5 13. Bf4 Qe8 14. h5 c4 15. Bc2 b5
16. Ng5 Bxg5 17. Bxg5 Ne7 18. f4 a5 19. Nf3 Kf7 20. Bh4 h6 21. Kd2 Qc8 22. Qf2
Nb6 23. Bxe7 Kxe7 24. Nh4 Rf7 25. g4 Kd8 26. gxf5 exf5 27. Rhg1 Ra6 28. Rae1
Na8 29. Qg3 Nc7 30. Qh3 Bc6 31. Bxf5 Bd7 32. Bxd7 Qxd7 33. Qxd7+ Rxd7 34. f5
Ne8 35. Ref1 b4 36. Rg6 Rxg6 37. hxg6 Ke7 38. Ng2 Rb7 39. Nf4 Rb5 40. Nh5 Rb6
41. Rf2 Ra6 42. Nf4 Nc7 43. Ng2 Ne8 44. Ne3 Nc7 45. Ng4 Ne8 46. Rh2 Rb6 47. Re2
Kf8 48. Ne3 Nc7 49. Ng2 Ke7 50. Nf4 Kf8 51. Rg2 Ke7 52. Nh5 Ne8 53. f6+ Kf8 54.
f7 Nc7 55. Nf4 a4 56. Kc1 bxc3 57. bxc3 a3 58. e6 Ke7 59. Rf2 Kf8 60. e7+ Kxe7
61. Nxd5+ 1-0

[Event "10th Vellmar Chess Days"]
[Site "chess24.com"]
[Date "2018.07.15"]
[Round "6.16"]
[White "Toepfer, Albrecht"]
[Black "Krien, Hartmut"]
[Result "1-0"]
[WhiteElo "2077"]
[BlackElo "1834"]
[PlyCount "159"]
[EventDate "2018.??.??"]
[WhiteTeam "Deutschland"]
[BlackTeam "Deutschland"]
[WhiteTeamCountry "GER"]
[BlackTeamCountry "GER"]
[WhiteClock "1:30:30"]
[BlackClock "1:30:30"]

1. Nf3 Nf6 2. c4 e6 3. g3 d5 4. b3 Be7 5. Bg2 O-O 6. O-O Ne4 7. Bb2 c6 8. d3
Bf6 9. Qc2 Bxb2 10. Qxb2 Qf6 11. Ne5 Nd7 12. f4 Nec5 13. d4 Na6 14. Nd2 Qd8 15.
e4 f6 16. Nef3 Nc7 17. Rfe1 b6 18. cxd5 exd5 19. e5 fxe5 20. dxe5 Nc5 21. Qc3
Nb5 22. Qc1 Bd7 23. Bf1 Rc8 24. a4 Nc7 25. Qc3 N5e6 26. Rad1 c5 27. Qd3 c4 28.
bxc4 Bxa4 29. Ra1 b5 30. cxb5 Bxb5 31. Qe3 a6 32. Bh3 g6 33. Nb3 Rb8 34. Nfd4
Rb6 35. Rab1 Bc4 36. Nxe6 Nxe6 37. Bxe6+ Rxe6 38. Nd4 Rb6 39. g4 Rxb1 40. Rxb1
Qh4 41. h3 h5 42. gxh5 Qxf4 43. Qxf4 Rxf4 44. Ne6 Rf5 45. hxg6 Bb5 46. Rc1 Bd7
47. Nc5 Rg5+ 48. Kh2 Bb5 49. Re1 Rxg6 50. e6 Kf8 51. e7+ Ke8 52. Ne6 Kxe7 53.
Nf4+ Kf7 54. Nxg6 Kxg6 55. Kg3 d4 56. Kf4 d3 57. Re6+ Kf7 58. Rd6 Ke7 59. Ke5
Bc4 60. Rd4 Bb5 61. Kd5 Kf6 62. h4 Kf5 63. Kc5 Kg6 64. Rd5 Kh6 65. Kb4 Kg6 66.
Kc3 Kh6 67. h5 Be8 68. Kxd3 Bxh5 69. Rd6+ Kh7 70. Rxa6 Bf7 71. Ra7 Kg8 72. Kd4
Bb3 73. Ke5 Kh8 74. Kf6 Bc4 75. Rc7 Ba2 76. Kg6 Bb1+ 77. Kh6 Ba2 78. Rh7+ Kg8
79. Ra7 Bf7 80. Ra8+ 1-0

[Event "10th Vellmar Chess Days"]
[Site "chess24.com"]
[Date "2018.07.15"]
[Round "6.17"]
[White "Silini, Jalel"]
[Black "Braun, Ingram"]
[Result "0-1"]
[WhiteElo "1702"]
[BlackElo "2065"]
[PlyCount "88"]
[EventDate "2018.??.??"]
[WhiteTeam "Deutschland"]
[BlackTeam "Deutschland"]
[WhiteTeamCountry "GER"]
[BlackTeamCountry "GER"]
[WhiteClock "1:30:30"]
[BlackClock "1:30:30"]

1. e4 c5 2. Nf3 e6 3. Nc3 a6 4. d4 cxd4 5. Nxd4 Qc7 6. Be2 Nf6 7. a3 d6 8. Be3
Nbd7 9. O-O b5 10. Qd2 Bb7 11. f3 Rc8 12. Rad1 Be7 13. Bf2 O-O 14. Bg3 Ne5 15.
f4 Nc4 16. Bxc4 Qxc4 17. Rfe1 Rfd8 18. Qe3 b4 19. axb4 Qxb4 20. Nb3 d5 21. e5
Nd7 22. Kh1 Qb6 23. Qe2 Qc7 24. f5 Qc4 25. fxe6 fxe6 26. Qh5 Rf8 27. Nd4 Nc5
28. Nce2 Rce8 29. b3 Qb4 30. c3 Qb6 31. Nf4 Bc8 32. Qg4 Bd8 33. Nh5 g6 34. Nf4
Rf7 35. Bf2 Qb7 36. Be3 Ne4 37. c4 Bg5 38. Nh3 Bxe3 39. Rxe3 Qb6 40. Rf3 Ref8
41. Rxf7 Rxf7 42. cxd5 Qxd4 43. dxe6 Ng3+ 44. hxg3 Qxg4 0-1

[Event "10th Vellmar Chess Days"]
[Site "chess24.com"]
[Date "2018.07.15"]
[Round "6.18"]
[White "Weber, Andreas"]
[Black "Hehn, Hartmut"]
[Result "0-1"]
[WhiteElo "1693"]
[BlackElo "2046"]
[PlyCount "80"]
[EventDate "2018.??.??"]
[WhiteTeam "Deutschland"]
[BlackTeam "Deutschland"]
[WhiteTeamCountry "GER"]
[BlackTeamCountry "GER"]
[WhiteClock "1:30:30"]
[BlackClock "1:30:30"]

1. Nf3 f5 2. d3 Nf6 3. e4 fxe4 4. dxe4 e6 5. e5 Nd5 6. c4 Bb4+ 7. Bd2 Bxd2+ 8.
Nbxd2 Ne7 9. Bd3 Nf5 10. Qc2 g6 11. g4 Nh4 12. Nxh4 Qxh4 13. O-O-O Nc6 14. Qc3
Qxg4 15. Be4 Qf4 16. Bxc6 dxc6 17. Kb1 Bd7 18. f3 O-O-O 19. Ne4 c5 20. Qa5 Kb8
21. Rd3 b6 22. Rb3 Ka8 23. Qa6 Bc8 24. Qa4 Qxe5 25. Ra3 a6 26. Rc1 Bb7 27. Nc3
Kb8 28. Qb3 Rd3 29. Ra4 Rhd8 30. Qa3 Qf5 31. Ka1 Qxf3 32. Rxa6 Rxc3 33. bxc3
Bxa6 34. Qxa6 Rd1 35. Rxd1 Qxd1+ 36. Kb2 Qd2+ 37. Kb3 Qxh2 38. a4 Qh1 39. Kb2
Qg2+ 40. Kb3 Qb7 0-1

[Event "10th Vellmar Chess Days"]
[Site "chess24.com"]
[Date "2018.07.15"]
[Round "6.19"]
[White "Arya Nirag Shah"]
[Black "Reichenbaecher, Thomas"]
[Result "1/2-1/2"]
[WhiteElo "1819"]
[BlackElo "1966"]
[PlyCount "62"]
[EventDate "2018.??.??"]
[WhiteTeam "Indien"]
[BlackTeam "Deutschland"]
[WhiteTeamCountry "IND"]
[BlackTeamCountry "GER"]
[WhiteClock "1:30:30"]
[BlackClock "1:30:30"]

1. d4 d5 2. Bf4 Nf6 3. e3 e6 4. Nf3 Bd6 5. Bg3 O-O 6. Nbd2 b6 7. Bd3 Bb7 8. Ne5
Nbd7 9. c3 Re8 10. Qf3 a6 11. Nxd7 Qxd7 12. Bh4 Be7 13. Qh3 Ne4 14. f3 Bxh4+
15. Qxh4 Nf6 16. g4 Kf8 17. g5 Ng8 18. f4 g6 19. Nf3 Kg7 20. Ne5 Qe7 21. Ng4 c5
22. O-O f5 23. gxf6+ Nxf6 24. Qh6+ Kg8 25. Nxf6+ Qxf6 26. Rf3 Qg7 27. Qg5 Rf8
28. h4 Qf6 29. Qxf6 Rxf6 30. Rg3 Kf7 31. Kh2 a5 1/2-1/2

[Event "10th Vellmar Chess Days"]
[Site "chess24.com"]
[Date "2018.07.15"]
[Round "6.20"]
[White "Fromm, Nick"]
[Black "Boder, Jan"]
[Result "1-0"]
[WhiteElo "1614"]
[BlackElo "1848"]
[PlyCount "39"]
[EventDate "2018.??.??"]
[WhiteTeam "Deutschland"]
[BlackTeam "Deutschland"]
[WhiteTeamCountry "GER"]
[BlackTeamCountry "GER"]
[WhiteClock "1:30:30"]
[BlackClock "1:30:30"]

1. e4 b6 2. d4 Bb7 3. Nc3 e6 4. Bd3 f5 5. exf5 Bxg2 6. Qh5+ g6 7. fxg6 Nf6 8.
g7+ Nxh5 9. gxh8=Q Bxh1 10. Qxh7 Bg7 11. Qxh5+ Kf8 12. Bg5 Qc8 13. Nh3 Qb7 14.
Nf4 Bf3 15. Qh7 Bg4 16. Be7+ Kf7 17. Qg6+ Kxe7 18. Qxg7+ Kd6 19. Qf8+ Kc6 20.
Bb5# 1-0

[Event "10th Vellmar Chess Days"]
[Site "chess24.com"]
[Date "2018.07.15"]
[Round "6.21"]
[White "Luke, Niko"]
[Black "Heinelt, Manfred"]
[Result "0-1"]
[WhiteElo "1788"]
[BlackElo "2126"]
[PlyCount "110"]
[EventDate "2018.??.??"]
[WhiteTeam "Deutschland"]
[BlackTeam "Deutschland"]
[WhiteTeamCountry "GER"]
[BlackTeamCountry "GER"]
[WhiteClock "1:30:30"]
[BlackClock "1:30:30"]

1. d4 Nf6 2. c4 c5 3. d5 e6 4. Nc3 exd5 5. cxd5 d6 6. Nf3 g6 7. Bf4 a6 8. a4
Nh5 9. Bg5 Qc7 10. h3 h6 11. Bc1 Bg7 12. g4 Nf6 13. Bf4 O-O 14. Nd2 Rd8 15. Nc4
Bf8 16. g5 Nh5 17. Bc1 hxg5 18. Bxg5 Re8 19. e3 Bf5 20. Rg1 Ng7 21. h4 Nd7 22.
h5 gxh5 23. Qxh5 Nxh5 24. Bd8+ Ng7 25. Bxc7 Ne5 26. Nxe5 Rxe5 27. a5 Rc8 28.
Bb6 Be7 29. Kd2 Bf6 30. Be2 Kf8 31. Rh1 Ree8 32. Rag1 Ke7 33. Bg4 Bxg4 34. Rxg4
Rh8 35. Rhg1 Nh5 36. Rh1 Bxc3+ 37. Kxc3 Nf6 38. Rgh4 Nxd5+ 39. Kc4 Rxh4+ 40.
Rxh4 Nxb6+ 41. axb6 Rc6 42. Kd5 Rxb6 43. Re4+ Kf8 44. b3 Rb4 45. Rxb4 cxb4 46.
Kxd6 a5 47. Kc5 b6+ 48. Kxb6 a4 49. bxa4 b3 50. a5 b2 51. a6 b1=Q+ 52. Kc7 Ke7
53. a7 Qe4 54. Kb8 Qb4+ 55. Kc8 Qc5+ 0-1

[Event "10th Vellmar Chess Days"]
[Site "chess24.com"]
[Date "2018.07.15"]
[Round "6.22"]
[White "Wiegel, Joerg"]
[Black "Woellenstein, Sebastian"]
[Result "1/2-1/2"]
[WhiteElo "2094"]
[BlackElo "1786"]
[PlyCount "94"]
[EventDate "2018.??.??"]
[WhiteTeam "Deutschland"]
[BlackTeam "Deutschland"]
[WhiteTeamCountry "GER"]
[BlackTeamCountry "GER"]
[WhiteClock "1:30:30"]
[BlackClock "1:30:30"]

1. Nf3 c5 2. g3 g6 3. Bg2 Bg7 4. O-O Nc6 5. d3 d5 6. c3 d4 7. cxd4 cxd4 8. Qb3
e5 9. Ng5 Qc7 10. Bd5 Nh6 11. Na3 O-O 12. Bd2 Ne7 13. Bb4 a5 14. Rac1 Qd8 15.
Bxe7 Qxe7 16. h4 a4 17. Qb6 Rd8 18. Rc7 Qd6 19. Qxd6 Rxd6 20. Rfc1 Bg4 21. Bxb7
Rb8 22. Nc4 Rd7 23. Rc8+ Rxc8 24. Bxc8 Rc7 25. Bxg4 Nxg4 26. Rb1 h6 27. Ne4 f5
28. Ned2 e4 29. f3 Ne5 30. fxe4 fxe4 31. Nxe4 Nxc4 32. Rc1 Rb7 33. Rxc4 Rxb2
34. Rxa4 Rxe2 35. Ra8+ Kf7 36. a4 Re3 37. Nf2 Rxg3+ 38. Kf1 Re3 39. a5 Re5 40.
a6 Ra5 41. Ne4 Be5 42. Nd2 Ra1+ 43. Ke2 Ke7 44. a7 Bc7 45. Rg8 Rxa7 46. Rxg6
Ra2 47. Kd1 Ra1+ 1/2-1/2

[Event "10th Vellmar Chess Days"]
[Site "chess24.com"]
[Date "2018.07.15"]
[Round "6.23"]
[White "Henkemeier, Michael"]
[Black "Hagedorn, Alfons"]
[Result "1-0"]
[WhiteElo "1856"]
[BlackElo "1922"]
[PlyCount "69"]
[EventDate "2018.??.??"]
[WhiteTeam "Deutschland"]
[BlackTeam "Deutschland"]
[WhiteTeamCountry "GER"]
[BlackTeamCountry "GER"]
[WhiteClock "1:30:30"]
[BlackClock "1:30:30"]

1. d4 d5 2. Nf3 Nf6 3. c4 Bf5 4. Nc3 e6 5. Bg5 Be7 6. e3 O-O 7. Bd3 dxc4 8.
Bxf5 exf5 9. Ne5 Ne4 10. Bxe7 Qxe7 11. O-O Nxc3 12. bxc3 b5 13. a4 f6 14. Qf3
Nd7 15. Qd5+ Kh8 16. Qxd7 Qxd7 17. Nxd7 Rf7 18. Nc5 c6 19. axb5 cxb5 20. Rfb1
Rb8 21. g3 g5 22. Ra5 f4 23. Raxb5 Rxb5 24. Rxb5 fxe3 25. fxe3 Kg7 26. Rb7 a5
27. Rxf7+ Kxf7 28. Kf2 f5 29. Na4 Ke6 30. Nb6 h5 31. Nxc4 a4 32. Na3 Kd5 33.
c4+ Ke4 34. d5 Ke5 35. h4 1-0

[Event "10th Vellmar Chess Days"]
[Site "chess24.com"]
[Date "2018.07.15"]
[Round "6.24"]
[White "Simukov, Erik"]
[Black "Lange, Lars"]
[Result "1/2-1/2"]
[WhiteElo "1813"]
[BlackElo "1846"]
[PlyCount "73"]
[EventDate "2018.??.??"]
[WhiteTeam "Deutschland"]
[BlackTeam "Deutschland"]
[WhiteTeamCountry "GER"]
[BlackTeamCountry "GER"]
[WhiteClock "1:30:30"]
[BlackClock "1:30:30"]

1. e4 c5 2. Nf3 d6 3. d4 cxd4 4. Nxd4 Nf6 5. Nc3 a6 6. Be2 e5 7. Nb3 Be7 8. O-O
O-O 9. Kh1 Nc6 10. f3 b6 11. Be3 Bb7 12. Nd5 Nxd5 13. exd5 Nb8 14. a4 Nd7 15.
c4 Nc5 16. a5 f5 17. axb6 Qxb6 18. Nxc5 dxc5 19. b4 Qc7 20. bxc5 Bxc5 21. Bxc5
Qxc5 22. Qd2 Rad8 23. Rfb1 Rf7 24. Ra5 Qc7 25. Qb4 e4 26. Qb6 Rd6 27. Qxc7 Rxc7
28. c5 Rxd5 29. Bc4 Kf8 30. Bxd5 Bxd5 31. fxe4 fxe4 32. Rc1 Rc6 33. Rd1 Bc4 34.
Kg1 Bb5 35. Re1 Rxc5 36. Rxe4 Rc2 37. Ra3 1/2-1/2

[Event "10th Vellmar Chess Days"]
[Site "chess24.com"]
[Date "2018.07.15"]
[Round "6.25"]
[White "Powalla, Christian"]
[Black "Reitz, Theresa"]
[Result "1/2-1/2"]
[WhiteElo "1812"]
[BlackElo "1879"]
[PlyCount "101"]
[EventDate "2018.??.??"]
[WhiteTeam "Deutschland"]
[BlackTeam "Deutschland"]
[WhiteTeamCountry "GER"]
[BlackTeamCountry "GER"]
[WhiteClock "1:30:30"]
[BlackClock "1:30:30"]

1. e4 c5 2. d4 cxd4 3. c3 g6 4. cxd4 d5 5. e5 Bg7 6. Nc3 Nc6 7. Bb5 f6 8. exf6
exf6 9. Nf3 Nge7 10. h3 O-O 11. O-O Nf5 12. Ba4 Be6 13. Re1 Bf7 14. Bxc6 bxc6
15. Bf4 g5 16. Bh2 Nd6 17. Qa4 Nc4 18. b3 Nb6 19. Qa6 Bh5 20. g4 Bg6 21. Re6 f5
22. Rd6 Qc8 23. Qxc8 Raxc8 24. Be5 fxg4 25. Nxg5 Bxe5 26. dxe5 Rf5 27. Ne6 Rxe5
28. hxg4 Kf7 29. Nf4 Ke7 30. Rxg6 hxg6 31. Nxg6+ Kd6 32. Nxe5 Kxe5 33. Kg2 Kf4
34. f3 Re8 35. Kf2 Nd7 36. Ne2+ Kg5 37. Rh1 Nc5 38. Rh5+ Kg6 39. Nd4 Nd3+ 40.
Kg3 c5 41. Nc6 d4 42. Rd5 Re6 43. Nxa7 Ra6 44. Rd7 Rxa2 45. f4 Rb2 46. Rb7 c4
47. f5+ Kf6 48. Rb6+ Kf7 49. Rb7+ Kf6 50. Rb6+ Kf7 51. Rb7+ 1/2-1/2

[Event "10th Vellmar Chess Days"]
[Site "chess24.com"]
[Date "2018.07.15"]
[Round "6.26"]
[White "Krausse, Eckhard"]
[Black "Meyer, Marcel"]
[Result "0-1"]
[WhiteElo "1974"]
[BlackElo "1776"]
[PlyCount "68"]
[EventDate "2018.??.??"]
[WhiteTeam "Deutschland"]
[BlackTeam "Deutschland"]
[WhiteTeamCountry "GER"]
[BlackTeamCountry "GER"]
[WhiteClock "1:30:30"]
[BlackClock "1:30:30"]

1. e4 c6 2. Nc3 d5 3. Nf3 dxe4 4. Nxe4 Bg4 5. h3 Bxf3 6. Qxf3 Nd7 7. d4 e6 8.
Bd3 Ngf6 9. O-O Nxe4 10. Bxe4 Nf6 11. Rd1 Nxe4 12. Qxe4 Qd5 13. Qe2 Rd8 14. c4
Qf5 15. Be3 Be7 16. d5 cxd5 17. Bxa7 O-O 18. Bb6 Rd7 19. Rd3 Rc8 20. b3 Bc5 21.
Bxc5 Rxc5 22. Rad1 Kf8 23. Qd2 Qe5 24. Qb4 Qd6 25. Qa3 b6 26. Qb2 Qc6 27. Qe5
Qd6 28. Qh5 h6 29. Rd4 Qc6 30. a4 dxc4 31. Qg4 Rg5 32. Qxg5 hxg5 33. Rxd7 cxb3
34. Ra7 Ke8 0-1